| 000 | 01911nkm a2200481 c 4500 | ||
|---|---|---|---|
| 003 | BLK | ||
| 005 | 20180421002018.0 | ||
| 008 | 180412b bul rap|r|||| r0| ||bulo| | ||
| 010 | _aKNG00161502000 | ||
| 040 | _aBLK | ||
| 041 |
_aRUS _cRUS _hDEU _hENG _hFRE |
||
| 080 |
_aХудожествена обработка на метали _b739 _x(470) _z739(470) |
||
| 100 | 1 |
_aПавловский, Борис Васильевич _eпърви автор _9352290 |
|
| 139 |
_aПавловский, Борис Васильевич _bП 13 |
||
| 245 | 1 | 0 |
_aХудожественный металл Урала XVIII - XIX веков _cБорис Васильевич Павловский. |
| 246 | 1 | 1 | _aDecorative Metal-Work of the Urals XVIII - XIXth centuries = Metal decoratif de l'Oural XVIII - XIXes siecles = Das dekorative Metall des Urals XVIII - XIX Jahrhunderte |
| 257 | _aSUN | ||
| 260 |
_аСвердловск _bСредне-Уральское кн. изд. _c1982 |
||
| 300 |
_a206 с. _bс ил. _c31 см |
||
| 380 | _a7 | ||
| 500 | _a30 000 тир. - Списък с ил. | ||
| 650 | 4 |
_aХудожествена обработка на метали _9304872 |
|
| 651 | 4 |
_aУрал _9179709 |
|
| 651 | 4 |
_aРусия _9179465 |
|
| 653 | _aобработка на метали | ||
| 653 | _aXVIII в. | ||
| 653 | _aXIX в. | ||
| 653 | _aмалки пластики | ||
| 653 | _aоръжия | ||
| 653 | _aрисуване | ||
| 653 | _aмедни съдове | ||
| 653 | _aбитови предмети | ||
| 653 | _aковано желязо | ||
| 653 | _aшлемове | ||
| 653 | _aдоспехи | ||
| 653 | _aУрал | ||
| 653 | _aРусия | ||
| 852 | _aЦб Гр А ІІ 2921 | ||
| 856 | 4 |
_qpdf _u |
|
| 856 | 4 |
_qpdf _u |
|
| 942 |
_cGRA _n0 |
||
| 944 |
_aCR _c30.05.2014 _l30.05.2014 - от С1,Р / 30.05.2014 _kКамелия_Данева |
||
| 944 |
_aED _c30.05.2014 _l30.05.2014 - от С1,Р / 30.05.2014 _k |
||
| 999 |
_c210079 _d210079 |
||